مكتبة جامعة عجلون الوطنية

فهرس بحث المكتبة

التورق المصرفي المنظم / (Record no. 24198)

MARC details
000 -LEADER
fixed length control field 00772nam a2200217Ii 4500
003 - CONTROL NUMBER IDENTIFIER
control field JO-AjNU
005 - DATE AND TIME OF LATEST TRANSACTION
control field 20250722101800.0
008 - FIXED-LENGTH DATA ELEMENTS--GENERAL INFORMATION
fixed length control field 230605s9999||||xx |||||||||||||| ||und||
040 ## - CATALOGING SOURCE
Original cataloging agency JO-AjNU
Language of cataloging ara
Description conventions rda
Transcribing agency JO-AjNU
041 ## - LANGUAGE CODE
Language code of text/sound track or separate title ara
050 14 - LIBRARY OF CONGRESS CALL NUMBER
Classification number BP173.75.A99 2013
100 3# - MAIN ENTRY--PERSONAL NAME
Personal name العيادي، أحمد صبحي,
Relator term author
9 (RLIN) 47284
245 00 - TITLE STATEMENT
Title التورق المصرفي المنظم /
Statement of responsibility, etc. تأليف احمد صبحي العيادي
264 31 - PRODUCTION, PUBLICATION, DISTRIBUTION, MANUFACTURE, AND COPYRIGHT NOTICE
Place of production, publication, distribution, manufacture عمان : البنك العربي الاسلامي الدولي، 2013
300 ## - PHYSICAL DESCRIPTION
Extent 59صفحة
336 ## - CONTENT TYPE
Content type term text
Content type code txt
Source rdacontent
337 ## - MEDIA TYPE
Media type term unmediated
Media type code n
Source rdamedia
338 ## - CARRIER TYPE
Carrier type term volume
Carrier type code nc
Source rdacarrier
650 #4 - SUBJECT ADDED ENTRY--TOPICAL TERM
Topical term or geographic name entry element البنوك الاسلامية- العمليات المصرفية
9 (RLIN) 47285
942 ## - ADDED ENTRY ELEMENTS (KOHA)
Source of classification or shelving scheme Library of Congress Classification
Koha item type Books
Holdings
Withdrawn status Lost status Source of classification or shelving scheme Damaged status Not for loan Home library Current library Shelving location Date acquired Total Checkouts Full call number Barcode Date last seen Price effective from Koha item type
    Library of Congress Classification     مكتبة جامعة عجلون الوطنية مكتبة جامعة عجلون الوطنية المجموعات العامة 06/06/2023   BP173.75.A99 2013 A20630 06/06/2023 06/06/2023 Books
    Library of Congress Classification     مكتبة جامعة عجلون الوطنية مكتبة جامعة عجلون الوطنية   22/07/2025   BP173.75.A99 2013 a30239 22/07/2025 22/07/2025